000 00639nam a2200217Ia 4500
003 GCL
008 140319s9999 xx 000 0 ara d
040 _aGCL /
_cGCL
082 0 4 _aق
_b932.071
_bم س
100 1 _aمحسن محمد
245 1 0 _aسرقة ملك مصر /
_cمحسن محمد
250 _aالاولى
260 _aالقاهرة :
_bمركز الاهرام للترجمة والنشر ،
_c1985
300 _a499 ص ؛
_c19 سم
490 _a
650 0 4 _aمصر القديمة
650 0 4 _aالسرقة
650 0 4 _aالاثار الفرعونية
650 0 4 _aتوت عنخ امون
942 _2ddc
_cBK
999 _c55163
_d55163